000
00299nam a22001337a 4500
008
181217b xxu||||| |||| 00| 0 eng d
020
_a
9780071481724
041
_a
eng
080
_a
610.073
100
_a
2
101
_a
INF
245
_a
First Aid q a Usmle Step 1
_c
Le.T.T
942
_2
udc
_c
BK
999
_c
53207
_d
53207